00383nam a2200109Ia 4500008004100000245005100041260000900092650003200101856004800133999001900181952007300200171204s9999 xx 000 0 und d 4aThe X-Files: The Untold History of Television: c2016 xTV PRODUCTION AND DIRECTION uhttp://down.ebook777.com/035/B01AFZ0Q4E.pdf c346192d346192 001040aCLbCLd2017-12-04l0r2017-12-04 00:00:00w2017-12-04yCBE